00470nam a2200193Ia 4500008004000000041000800040082001100048100002100059245006400080260004000144650001200184650001200196650001400208650001100222650000700233650001600240650000800256650001200264210210b1968 xxu||||| |||| 00| 0 eng d aeng a335/20 aAPPADORAI (A) Ed aIndia: studies in special and political development 1947-67 aBombaybAsia Publishing Housec1968 astudies aspecial apolitical aIndia: ain adevelopment aand a1947-67